CRONY CAPITALISM (Record no. 731)
[ view plain ]
| 000 -LEADER | |
|---|---|
| fixed length control field | 00308nam a22000977a 4500 |
| 008 - FIXED-LENGTH DATA ELEMENTS--GENERAL INFORMATION | |
| fixed length control field | 150825b xxu||||| |||| 00| 0 eng d |
| 020 ## - INTERNATIONAL STANDARD BOOK NUMBER | |
| International Standard Book Number | 052100408 |
| 100 ## - MAIN ENTRY--PERSONAL NAME | |
| Personal name | KANG,DAVID,C |
| 245 ## - TITLE STATEMENT | |
| Title | CRONY CAPITALISM |
| Remainder of title | CORRUPTION AND DEVELOPMENT IN SOUTH KOREA AND THE PHILIPPINES |
| 260 ## - PUBLICATION, DISTRIBUTION, ETC. (IMPRINT) | |
| Place of publication, distribution, etc. | UK |
| Name of publisher, distributor, etc. | CAMBRIDGE UNIVERSITY PRESS |
| Date of publication, distribution, etc. | 2002 |
No items available.